01523nam a2200253Ia 4500952013900000952013900139952013900278952013900417952014100556952013900697952014000836999001300976003000400989005001700993008004101010040000901051082001801060100002701078245004401105260004901149300000901198650002001207942004201227 00102ddc40708ISLAMaMESbMEScISLd2019-02-20g50.00l0o297.14 SAB/Fp25048r2019-02-20 00:00:00tVol - 2w2019-02-20yBKzGL46R1 00102ddc40708ISLAMaMESbMEScISLd2019-02-20g55.00l0o297.14 SAB/Fp25049r2019-02-20 00:00:00tVol - 3w2019-02-20yBKzGL46R1 00102ddc40708ISLAMaMESbMEScISLd2019-02-20g65.00l0o297.14 SAB/Fp25050r2019-02-20 00:00:00tVol - 4w2019-02-20yBKzGL46R1 00102ddc40708ISLAMaMESbMEScISLd2019-02-20g55.00l0o297.14 SAB/Fp25051r2019-02-20 00:00:00tVol - 5w2019-02-20yBKzGL46R1 00102ddc40708ISLAMaMESbMEScISLd2019-02-20g33.00l0o297.14 SAB/Fp25052r2019-02-20 00:00:00tVol - 6-8w2019-02-20yBKzGL46R1 00102ddc40708ISLAMaMESbMEScISLd2019-02-20g33.00l0o297.14 SAB/Fp25053r2019-02-20 00:00:00tVol - 9w2019-02-20yBKzGL46R1 00102ddc40708ISLAMaMESbMEScISLd2019-02-20g65.00l0o297.14 SAB/Fp25054r2019-02-20 00:00:00tVol - 10w2019-02-20yBKzGL46R1 c532d532OSt20200215093908.0190216s9999||||xx |||||||||||||| ||und|| coclc a297.14bSAB/F aSabique, Sayyid 91947 0aFiqhussunna Vol 1-10 /cSayyid Sabique bIslamic Publishing House,c1980.aKozhikode: a256p xIslamic History cBK2ddch297.14iSAB/Fk297.14mSAB/F